Liste de consoles de jeux vidéo Première génération (1972–1980) - Statistiques

Statistiques générales
  • Ce quiz a été pris 13 fois
  • Le résultat moyen est 4 sur 27
Statistiques - réponses
Nom de la console Date Constructeur Type de quiz % Correct
17 Atari Game Brain 1977 Atari Console dédiée
100%
18 Philips N20 1977 Philips Console dédiée
38%
7 Coleco Telstar 1976 Coleco Console dédiée
25%
21 Color TV Game 15 (Japon uniquement) 1977 Nintendo (Japon uniquement) Console dédiée
25%
24 Color TV Game Block Kuzushi (Japon uniquement) 1979 Nintendo (Japon uniquement) Console dédiée
25%
23 Color TV Game Racing 112 (Japon uniquement) 1978 Nintendo (Japon uniquement) Console dédiée
25%
26 Computer TV Game (Japon uniquement) 1980 Nintendo (Japon uniquement) Console dédiée
25%
22 Hanimex TVG 8610 1978 Hanimex Console dédiée
25%
1 Magnavox Odyssey 1972 Magnavox Console
25%
11 Pong 1976 Atari Arcade
25%
13 Radio Shack TV Scoreboard 1976 RadioShack Console dédiée
25%
12 Super Pong 1976 Atari Console dédiée
25%
16 Ultra Pong Doubles 1977 Atari Console dédiée
25%
8 APF TV Fun 1976 APF Console dédiée
13%
27 BSS 01 (Allemagne uniquement) 1980 Kombinat Mikroelektronik Erfurt (Allemagne uniquement) Console dédiée
0%
19 Color TV-Game 6 (Japon uniquement) 1977 Nintendo (Japon uniquement) Console dédiée
0%
9 OC-4 1976 SOE Console dédiée
0%
10 Odyssey 2100 1976 Philips Console
0%
4 PC-50X 1975 General Instrument Console
0%
2 Ping-O-Tronic 1974 Zanussi Console dédiée
0%
14 Stunt Cycle 1976 Atari Console dédiée
0%
20 Telescore 750 1977 SEB Console dédiée
0%
25 Telescore 752 1979 SEB Console dédiée
0%
6 Tele-Spiel 1975 Philips Console
0%
5 Video-2000 1975 Interton Console
0%
15 Video Pinball 1977 Atari Console dédiée
0%
3 VideoSport MK2 1974 ou 1975 Aucune info... Console
0%
Aucun quiz correspondant
Distribution des résultats
% des personnes avec chaque résultat
Percentile par nombre de réponses
Votre historique - résultats
Vous n’avez pas pris ce quiz